00518nam a2200181Ia 4500008004100000020001800041082000800059100003100067245004100098250000600139260003300145300001000178500002400188650001000212942000700222952009000229999001700319230524s9999 xx 000 0 und d a9789327216998 bSAM aSusanta Kumar Samal942840 2aA Text Book Of Strength of Materials a1 aNew Delhibkalyani pubc2012 a391p; aQuantity Number: 1 aCivil cBK 00104070aTATCLbTATCLcGENd2023-05-24l0o SAMp54126r2023-05-24w2023-05-24yBK c57814d57814